Le scoutisme, culture générale - Statistiques

Statistiques générales
  • Ce quiz a été pris 266 fois
    241 depuis la dernière actualisation
  • Le résultat moyen est 9 sur 15
Statistiques - réponses
Question Réponse % Correct
Quelle est la forme du salut scout universel ?
92%
Tous les 4 ans se tient un rassemblement international des scouts du monde entier. Il s'agit d'un... Jamboree
85%
Dans l'univers Disney, quel(s) personnage fait partie des scouts ?
82%
Le guidisme désigne... le scoutisme pour les jeunes filles et les femmes
81%
Le totem scout désigne ... un animal attribué comme surnom à un scout
80%
L'univers qui est traditionnellement associé à la branche jeunes scouts de 8-12 ans est...
78%
Les scoutes se serrent la main ... avec la main gauche
76%
Que symbolise t'il ? les principes de la promesse scoute
73%
"le système d'équipes, le cadre symbolique, l'éducation par l'action, l'engagement, la progression personnelle, la relation éducative, la vie dans la nature et la vie dans la communauté", ces huit piliers définis par Baden-Powell en 1908 forment ... la méthode scoute
51%
Les bûchettes scoutes ou "Woodbadge", sont un symbole universel scout accordé... après avoir suivi un formation avancée de chef scout
49%
Dans quel pays le scoutisme n'est PAS interdit ? Géorgie
43%
Laquelle de ces personnalités n'est pas un ancien scout ? Steve Jobs
37%
Le symbole universelle du guidisme est...
29%
Lequel de ces mots ne désigne pas "scout" dans une langue Resande (suédois)
23%
Lors du tout premier camp expérimental scout en 1907 à Brownsea, quels étaient les noms des 4 patrouilles dans lesquelles étaient divisés les 20 jeunes participants ? Corbeau, Courlis, Loup et Taureau
19%
Aucun quiz correspondant
Distribution des résultats
% des personnes avec chaque résultat
Percentile par nombre de réponses
Votre historique - résultats
Vous n’avez pas pris ce quiz depuis la dernière actualisation